000 01773nam0a2200325 4500
001 RU\NLR\bibl\389851
005 20250622160237.0
021 _aRU
_b2003-15457
_9720
035 _a(NLR Aleph) 000384162
090 _a474514
_c474514
100 _a20030415d2003 |||y0rusy50 ca
101 0 _arus
102 _aRU
105 _aa |||||||||
200 1 _aРазработка технологических процессов при производстве сварных конструкций
_eУчеб. пособие
_fС.Г. Ракитин, О.Н. Логинов, И.А. Казанцев
_gМ-во образования Рос. Федерации, Пенз. гос. ун-т
210 _aПенза
_cИзд-во ПГУ
_d2003
215 _a124,[2] с.
_cил.
_d20
320 _aБиблиогр.: с. 120 (6 назв.)
606 0 _aМеталлические конструкции сварные
_jРуководства, пособия и т.п. для высшей школы
_xПроизводство
_xТехнологическое проектирование
_92285255
_3RU\NLR\auth\661368931
606 0 _aМеталлические конструкции сварные
_jУчебные издания для высшей школы
_xПроизводство
_xТехнологическое проектирование
_92285255
_3RU\NLR\auth\661368931
686 _aК641-642я73-1
700 1 _aРакитин
_bС. Г.
_gСергей Георгиевич
_4070
701 1 _aЛогинов
_bО. Н.
_gОлег Николаевич
_4070
701 1 _aКазанцев
_bИ. А.
_gИгорь Алексеевич
_4070
801 0 _aRU
_bNLR
_c20030415
_gPSBO
801 1 _aRU
_bNLR
_c20030415
942 _cBOOK
980 _aNB
980 _aNBR